[Event "Titled Tue 25th Feb Late"]
[Site "chess.com INT"]
[Date "2025.02.25"]
[Round "9"]
[White "Abdusattorov, Nodirbek"]
[Black "Bluebaum, M."]
[Result "1-0"]
[WhiteElo "2766"]
[BlackElo "2643"]
[PlyCount "92"]
[EventDate "2025.02.25"]

1. c4 e6 2. Nc3 d5 3. d4 Bb4 4. cxd5 exd5 5. Bf4 c5 6. e3 c4 7. Nf3 Nf6 8. Be2 Ne4 9. Rc1 Qa5 10. Kf1 $146 ({RR} 10. O-O Bxc3 11. bxc3 Nxc3 12. Qd2 Nxe2+ 13. Qxe2 O-O 14. h3 Nc6 15. Nh2 Bf5 16. Qh5 Bg6 17. Qh4 Qxa2 18. Ng4 f6 19. Qg3 Qa5 20. h4 Kh8 21. Qh3 h5 22. Nh2 Qd8 23. Qg3 Kh7 24. Bd6 Re8 {Uddin,M (2087)-Gavrilescu,D (2476) Chess.com INT 2020 0-1}) 10... Bxc3 11. bxc3 O-O 12. Qc2 Bf5 13. Qb2 Nc6 14. Ne5 g5 15. Bg3 f6 16. Nf3 b5 17. Nd2 Nxg3+ 18. hxg3 Rab8 19. a3 Qc7 20. Bf3 Rfd8 21. e4 Be6 22. Qb1 Qg7 23. Re1 Ne7 24. exd5 Bxd5 25. Be4 Bxe4 26. Nxe4 Nd5 27. Nc5 Re8 28. Rxe8+ Rxe8 29. Qxb5 Qe7 30. Kg1 Qe2 31. g4 Nb6 32. Qc6 Re7 33. Qxf6 Rg7 34. Qd8+ Kf7 35. Rh6 Qe1+ 36. Kh2 Qxf2 37. Qc7+ Kg8 38. Qb8+ Kf7 39. Qxa7+ Kg8 40. Qb8+ Kf7 41. Qxb6 Qf4+ 42. Kh3 Qe3+ 43. g3 Qf3 44. Qe6+ Kf8 45. Rf6+ Qxf6 46. Qxf6+ Rf7 1-0

[Event "Titled Tue 15th Apr Early"]
[Site "chess.com INT"]
[Date "2025.04.15"]
[Round "9"]
[White "Ter Sahakyan, S."]
[Black "Bluebaum, M."]
[Result "1-0"]
[WhiteElo "2611"]
[BlackElo "2662"]
[PlyCount "76"]
[EventDate "2025.04.15"]

1. d4 d5 2. c4 e6 3. Nc3 Bb4 4. cxd5 exd5 5. Bf4 c5 6. e3 c4 7. Be2 Nc6 8. Bf3 Be6 9. Nge2 g5 10. Be5 Nxe5 11. dxe5 Qa5 $146 ({RR} 11... Ne7 12. Nd4 Nc6 13. Nxe6 fxe6 14. Bh5+ Kd7 15. O-O Nxe5 16. Nxd5 exd5 17. Qxd5+ Bd6 18. Qxb7+ Qc7 19. Qe4 Qc6 20. Qc2 Kc7 21. f4 gxf4 22. exf4 Nd3 23. Bf3 Qc5+ 24. Kh1 Rae8 25. b4 Nxb4 26. Qa4 {Gareev,T (2602)-Bluebaum,M (2657) Almaty KAZ 2022 1-0 (150)}) ({RR} 11... Ne7 12. Nd4 Nc6 13. Nxe6 fxe6 14. Bh5+ Kd7 15. O-O Nxe5 16. Nxd5 exd5 17. Qxd5+ Bd6 18. Qxb7+ Qc7 19. Qe4 Qc6 20. Qc2 Kc7 21. f4 gxf4 22. exf4 Nd3 23. Bf3 Qc5+ 24. Kh1 Rae8 25. b4 Nxb4 26. Qa4 {Gareev,T (2602)-Bluebaum,M (2657) Almaty KAZ 2022 1-0 (150)}) 12. O-O Ne7 13. Nd4 Bxc3 14. bxc3 Ng6 15. Bg4 Nxe5 16. Bxe6 fxe6 17. Nxe6 Ke7 18. Nd4 Qxc3 19. Rb1 b6 20. Rb5 Qd3 21. Rxd5 Kf6 22. Rd6+ Ke7 23. Re6+ Kd7 24. Rxe5 Qxd1 25. Rxd1 Rab8 26. Rd5+ Kc7 27. Rc1 Kb7 28. Rxc4 Rhc8 29. Rd7+ Ka6 30. Rcc7 Rxc7 31. Rxc7 b5 32. Rxh7 b4 33. Rxa7+ Kxa7 34. Nc6+ Kb7 35. Nxb8 b3 36. axb3 Kxb8 37. f4 Kc7 38. fxg5 Kd6 1-0

[Event "Titled Tue 4th Mar Late"]
[Site "chess.com INT"]
[Date "2025.03.04"]
[Round "8"]
[White "Gustafsson, J."]
[Black "Bluebaum, M."]
[Result "0-1"]
[WhiteElo "2602"]
[BlackElo "2643"]
[PlyCount "128"]
[EventDate "2025.03.04"]

1. c4 e6 2. Nc3 d5 3. d4 Bb4 4. a3 Bxc3+ 5. bxc3 Nf6 6. e3 c6 7. a4 O-O 8. Nf3 Qc7 9. Ba3 Re8 10. Bd3 Nbd7 11. O-O e5 12. Be2 e4 13. Nd2 Nf8 $146 ({RR} 13... dxc4 14. Nxc4 Re6 15. Qb3 Nd5 16. Nd2 Rh6 17. g3 N7f6 18. c4 Qd7 19. f3 Rxh2 20. Kxh2 Qh3+ 21. Kg1 Qxg3+ 22. Kh1 Nxe3 23. Qxe3 Ng4 24. fxg4 Qxe3 25. Nxe4 Qxe4+ 26. Bf3 Qg6 27. Rg1 Qd3 28. Kg2 {Badelka,O (2453)-Idani,P (2635) Sharjah 2022 0-1}) ({RR} 13... dxc4 14. Nxc4 Re6 15. Qb3 Nd5 16. Nd2 Rh6 17. g3 N7f6 18. c4 Qd7 19. f3 Rxh2 20. Kxh2 Qh3+ 21. Kg1 Qxg3+ 22. Kh1 Nxe3 23. Qxe3 Ng4 24. fxg4 Qxe3 25. Nxe4 Qxe4+ 26. Bf3 Qg6 27. Rg1 Qd3 28. Kg2 {Badelka,O (2453)-Idani,P (2635) Sharjah 2022 0-1}) 14. cxd5 cxd5 15. c4 Be6 16. Rc1 Qd8 17. Qb3 Rb8 18. cxd5 Bxd5 19. Qb2 Ng6 20. Rc3 h5 21. Rfc1 Ng4 22. h3 Nh6 23. Rc7 Qg5 24. Nf1 Nh4 25. Ng3 N6f5 26. Bf1 Nxg3 27. fxg3 Qxg3 28. Kh1 Qxe3 29. R1c5 Nf5 30. Qc1 Ng3+ 31. Kh2 Qxc1 32. Rxc1 Nxf1+ 33. Rxf1 e3 34. Rd7 Rbd8 35. Rxd8 Rxd8 36. Rc1 Bc6 37. Bc5 b6 38. Bxb6 axb6 39. Rxc6 e2 40. Rc1 Rxd4 41. Re1 Rxa4 42. Rxe2 Rb4 43. Re7 g6 44. Rb7 Rb3 45. h4 b5 46. g3 b4 47. Kg2 Kg7 48. Rb6 Rb1 49. Kf3 b3 50. Kg2 Kf8 51. Rb7 Ke8 52. Kh2 Kd8 53. Rxf7 Rd1 54. Rb7 Rd3 55. Kg2 Kc8 56. Rb4 Kc7 57. Kf2 Kc6 58. Rb8 Kc5 59. Rg8 Rd6 60. Rc8+ Rc6 61. Rd8 b2 62. Rd1 Rb6 63. Rb1 Kd4 64. Kf3 Kc3 0-1

[Event "Chennai GM 2024"]
[Site "Chennai IND"]
[Date "2024.11.11"]
[Round "7.4"]
[White "Maghsoodloo, Parham"]
[Black "Aravindh, Chithambaram VR."]
[Result "0-1"]
[WhiteElo "2712"]
[BlackElo "2706"]
[PlyCount "127"]
[EventDate "2024.11.05"]

1. c4 e6 2. Nc3 d5 3. d4 h6 4. cxd5 exd5 5. Bf4 c6 6. e3 Bf5 ({RR} 6... Bd6 7. Qf3 Nf6 8. Bd3 O-O 9. h3 Re8 10. Nge2 a5 11. g4 Bxf4 12. Qxf4 Na6 13. Rg1 Nc7 14. h4 Ne6 15. Qg3 c5 16. O-O-O cxd4 17. exd4 b5 18. g5 b4 19. gxf6 bxc3 20. Nxc3 Qxf6 21. Nxd5 {Caruana,F (2792)-Nihal,S (2723) Hong Kong HKG 2026 1-0 (33)}) 7. Nge2 Bh7 ({RR} 7... Nd7 8. Ng3 Be6 9. h4 Ngf6 10. Bd3 Nb6 11. h5 Bd6 12. Bxd6 Qxd6 13. Nf5 Bxf5 14. Bxf5 Qb4 15. Qb3 a5 16. Qc2 Nc4 17. Rb1 O-O 18. a3 Qe7 19. Na4 Rfe8 20. Kf1 Nd6 21. Bd3 Nfe4 22. Nc3 {Beydullayeva,G (2364)-Ushenina,A (2406) Monaco MNC 2026 1-0 (54)}) 8. h4 $146 ({RR} 8. Nc1 Bd6 9. Bxd6 Qxd6 10. Qg4 Nd7 11. Qxg7 Qf6 12. Qxf6 Ngxf6 13. Bd3 Ne4 14. f3 Nd6 15. Kf2 O-O-O 16. Bxh7 Rxh7 17. Nd3 Re8 18. Rhe1 f5 19. Rac1 Kd8 20. b3 Rhe7 21. Na4 Kc7 22. Nac5 Nf6 {Dyachuk,A (2274)-Oleksiyenko,M (2570) Lviv UKR 2024 ½-½ (64)}) ({RR} 8. Nc1 Bd6 9. Bxd6 Qxd6 10. Qg4 Nd7 11. Qxg7 Qf6 12. Qxf6 Ngxf6 13. Bd3 Ne4 14. f3 Nd6 15. Kf2 O-O-O 16. Bxh7 Rxh7 17. Nd3 Re8 18. Rhe1 f5 19. Rac1 Kd8 20. b3 Rhe7 21. Na4 Kc7 22. Nac5 Nf6 {Dyachuk,A (2274)-Oleksiyenko,M (2570) Lviv UKR 2024 ½-½ (64)}) 8... Be7 9. Ng3 Nd7 10. Bd3 Bxh4 11. Bxh7 Bxg3 12. Bxg3 Rxh7 13. Qc2 Ngf6 14. O-O-O Kf8 15. f3 Kg8 16. Kb1 h5 17. Bh4 Qe8 18. Bg5 Qe6 19. Ne2 Re8 20. Rhe1 Nf8 21. Nf4 Qd6 22. Rh1 N6d7 23. Nxh5 Qg6 24. Qxg6 fxg6 25. Ng3 Rxh1 26. Rxh1 Nh7 27. Bf4 g5 28. Bd6 Rxe3 29. Nf5 Re6 30. Ne7+ Kf7 31. Nf5 Nhf8 32. Bb4 b6 33. g4 a5 34. Bd2 g6 35. Ng3 Rf6 36. Rf1 Ne6 37. Ne2 Ke7 38. Kc2 Kd6 39. Kd3 c5 40. dxc5+ bxc5 41. Bxa5 Ne5+ 42. Kc2 Nxg4 43. Bd2 Nh2 44. Rf2 Nxf3 45. Kd1 d4 46. a4 g4 47. a5 g5 48. b4 Rh6 49. Ng3 Rh3 50. Rg2 Nxd2 51. Kxd2 Nf4 52. bxc5+ Kxc5 53. Rg1 Rh2+ 54. Kd1 Ra2 55. Re1 Rxa5 56. Re5+ Kb4 57. Rxa5 Kxa5 58. Nf5 d3 59. Kd2 Kb4 60. Ng3 Kc4 61. Nf5 Nd5 62. Ng3 Kd4 63. Nf5+ Ke5 64. Ng3 0-1

[Event "Titled Tue 26th Aug Late"]
[Site "chess.com INT"]
[Date "2025.08.26"]
[Round "4"]
[White "Vachier Lagrave, M."]
[Black "Svane, R."]
[Result "1-0"]
[WhiteElo "2736"]
[BlackElo "2619"]
[PlyCount "55"]
[EventDate "2025.08.26"]

1. c4 e6 2. Nc3 d5 3. d4 a6 4. cxd5 exd5 5. Bf4 Nf6 6. e3 Bd6 7. Bg3 O-O 8. Bd3 c6 ({RR} 8... Re8 9. Qc2 Nc6 10. Be2 Nb4 11. Qb3 c5 12. Bxd6 Qxd6 13. dxc5 Qxc5 14. Nf3 Be6 15. Nd4 Nc6 16. Rd1 Nxd4 17. Rxd4 Ne4 18. Bf3 Rac8 19. O-O Nxc3 20. bxc3 b5 21. Rc1 Red8 22. Qd1 Rd7 23. h4 {Nakamura,H (2736)-Le,Q (2709) chess24.com INT 2021 ½-½ (93)}) ({RR} 8... Re8 9. Nf3 Bg4 10. Qb3 Nc6 11. O-O Bxg3 12. hxg3 Qd6 13. Rfe1 Bxf3 14. gxf3 g6 15. Kg2 Kg7 16. Rac1 h5 17. Na4 Nd8 18. Nc5 Ra7 19. Qc3 b6 20. Nxa6 Ne6 21. Nb4 c5 22. dxc5 bxc5 23. Nc2 {Parpiev,I (2318)-Svane,R (2633) chess.com INT 2024 0-1 (40)}) 9. Nf3 ({RR} 9. Qc2 Re8 10. Nf3 a5 11. O-O Na6 12. a3 Nc7 13. Na4 Bxg3 14. hxg3 Ne4 15. b4 axb4 16. axb4 Bf5 17. Nc5 Rxa1 18. Rxa1 Nxc5 19. Bxf5 Ne4 20. Ne5 Nf6 21. Qc5 Nb5 22. Bd3 Nd6 23. b5 Nfe4 {Maghsoodloo,P (2706)-Elci,E (2202) chess.com INT 2026 1-0 (45)}) 9... Bg4 10. Qb3 $146 ({RR} 10. O-O Bxg3 11. hxg3 Nbd7 12. b4 b5 13. a4 Nb6 14. Qc2 Bxf3 15. gxf3 Nc4 16. Ne2 Qe7 17. e4 g6 18. e5 Nh5 19. Rfb1 f5 20. f4 Ng7 21. Bxc4 bxc4 22. Qc3 Rfb8 23. Rb2 Rb7 24. Rab1 Rab8 {Rubes,J (2271)-Londyn,R (2422) Czech Republic 2017 ½-½ (67)}) 10... b5 11. Ne5 Be6 12. Qc2 Qe7 13. Bh4 h6 14. f4 Qd8 15. g4 Be7 16. Rg1 Nfd7 17. g5 Nxe5 18. dxe5 d4 19. O-O-O c5 20. gxh6 g6 21. Bxg6 Bxh4 22. Bxf7+ Kxf7 23. Rg7+ Ke8 24. Qg6+ Bf7 25. Rxf7 Rxf7 26. h7 Ke7 27. Qd6+ Qxd6 28. exd6+ 1-0

[Event "Stepan Avagyan Mem 2025"]
[Site "Jermuk ARM"]
[Date "2025.06.06"]
[Round "9.4"]
[White "Hakobyan, Aram"]
[Black "Aravindh, Chithambaram VR."]
[Result "0-1"]
[WhiteElo "2620"]
[BlackElo "2749"]
[PlyCount "104"]
[EventDate "2025.05.29"]

1. d4 d5 2. c4 e6 3. Nc3 h6 4. Nf3 Nf6 5. Bf4 Bd6 6. Bxd6 Qxd6 7. e3 O-O 8. Rc1 a6 9. a3 dxc4 10. Bxc4 b5 11. Bd3 Bb7 12. e4 Qb6 13. O-O Rd8 14. b4 $146 ({RR} 14. Qe2 Nc6 15. e5 Nh5 16. Be4 Nxd4 17. Nxd4 Bxe4 18. Nxe6 Bd3 19. Qxh5 Qxe6 20. Rfe1 c5 21. Nd1 c4 22. f4 Rd4 23. Qf3 Rad8 24. Nf2 Qd5 25. Qe3 h5 26. Qg3 Bf5 27. Qg5 Qe6 28. Re2 Qg6 {Xie,K (2440)-Xiao,J (2012) Bengbu 2025 ½-½ (38)}) ({RR} 14. Qe2 Nc6 15. e5 Nh5 16. Be4 Nxd4 17. Nxd4 Bxe4 18. Nxe6 Bd3 19. Qxh5 Qxe6 20. Rfe1 c5 21. Nd1 c4 22. f4 Rd4 23. Qf3 Rad8 24. Nf2 Qd5 25. Qe3 h5 26. Qg3 Bf5 27. Qg5 Qe6 28. Re2 Qg6 {Xie,K (2440)-Xiao,J (2012) Bengbu CHN 2025 ½-½ (38)}) 14... Nc6 15. Ne2 a5 16. Rc5 axb4 17. axb4 Ra3 18. Qd2 e5 19. Rxb5 Qa7 20. Rc5 Nd7 21. Rd5 Ne7 22. Ra5 Rxa5 23. bxa5 exd4 24. a6 Bxa6 25. Ra1 Nc5 26. Bxa6 Rd6 27. Nexd4 Rxa6 28. Rxa6 Qxa6 29. Nc2 Nxe4 30. Qd8+ Kh7 31. Qxe7 Qe2 32. h4 Qxf2+ 33. Kh2 Qxc2 34. Qxf7 Nf6 35. Qe6 c5 36. Kh3 c4 37. Ne5 Qe4 38. g4 Nd5 39. Qf5+ Qxf5 40. gxf5 c3 41. Nd3 Ne3 42. h5 Nxf5 43. Kg4 Ne3+ 44. Kf3 Nd5 45. Ke4 Nf6+ 46. Kd4 c2 47. Kc3 Nxh5 48. Kxc2 Kg6 49. Kd2 Kf5 50. Ke3 g5 51. Kf3 Nf6 52. Nc5 h5 0-1

[Event "Titled Tue 17th Jun Late"]
[Site "chess.com INT"]
[Date "2025.06.17"]
[Round "10"]
[White "Naroditsky, D."]
[Black "Maghsoodloo, Parham"]
[Result "1-0"]
[WhiteElo "2619"]
[BlackElo "2691"]
[PlyCount "93"]
[EventDate "2025.06.17"]

1. d4 d5 2. c4 e6 3. Nc3 c6 4. e4 dxe4 5. Nxe4 Bb4+ 6. Nc3 Nf6 7. Nf3 c5 8. a3 Ba5 ({RR} 8... Bxc3+ 9. bxc3 Qa5 10. Bd2 Ne4 11. Bd3 Nxd2 12. Qxd2 O-O 13. O-O cxd4 14. cxd4 Qxd2 15. Nxd2 Rd8 16. Nb3 Bd7 17. Be4 Bc6 {½-½ (17) Milos,G (2563)-Mecking,H (2554) Guarapuava 2006}) 9. Be3 Ng4 ({RR} 9... cxd4 10. Nxd4 O-O 11. Qc2 e5 12. Nf5 Bxf5 13. Qxf5 Bxc3+ 14. bxc3 Qa5 15. Qc2 Nc6 16. Bd3 Nd4 17. Qb2 Rad8 18. Rd1 b6 19. O-O Ne6 20. Qb4 Qa6 21. h3 Qc8 22. Be2 h6 23. Qe7 Rfe8 24. Qxa7 {Schmakel,S (2457)-Novikova,G (2073) chess.com INT 2024 1-0 (40)}) 10. Be2 $146 ({RR} 10. Qc2 Nxe3 11. fxe3 cxd4 12. exd4 Nc6 13. O-O-O O-O 14. h4 h6 15. Bd3 Bxc3 16. Qxc3 Qf6 17. Bc2 Rd8 18. Qd3 Qf4+ 19. Kb1 f5 20. Qc3 Bd7 21. d5 Rac8 22. dxc6 Bxc6 23. Rhe1 Be4 24. Rxd8+ Rxd8 {Weetik,V (2423)-Rom,J (2202) chess.com INT 2023 1-0 (33)}) ({RR} 10. Qc2 Nxe3 11. fxe3 cxd4 12. exd4 Nc6 13. O-O-O O-O 14. h4 h6 15. Bd3 Bxc3 16. Qxc3 Qf6 17. Bc2 Rd8 18. Qd3 Qf4+ 19. Kb1 f5 20. Qc3 Bd7 21. d5 Rac8 22. dxc6 Bxc6 23. Rhe1 Be4 24. Rxd8+ Rxd8 {Weetik,V (2423)-Rom,J (2202) chess.com INT 2023 1-0 (33)}) 10... O-O 11. O-O Nxe3 12. fxe3 cxd4 13. exd4 Nd7 14. b4 Bc7 15. Bd3 a5 16. b5 b6 17. Qe2 Bb7 18. Rad1 Qe7 19. Nd5 Bxd5 20. cxd5 Rae8 21. Bxh7+ Kxh7 22. Qc2+ Kg8 23. Qxc7 exd5 24. Rfe1 Qd8 25. Qxd8 Rxd8 26. Rc1 Rfe8 27. Rc6 Rxe1+ 28. Nxe1 Re8 29. Kf2 f6 30. Nc2 Kf7 31. Ne3 Re4 32. Rd6 Nf8 33. Rxb6 Rxd4 34. Rb7+ Ke6 35. Rxg7 Rd2+ 36. Kf3 Nd7 37. g4 Ne5+ 38. Kg3 Rd3 39. Kf2 Rxa3 40. b6 Rb3 41. b7 a4 42. h3 Rb2+ 43. Kf1 a3 44. Nf5 Nc6 45. Rc7 a2 46. Rxc6+ Ke5 47. Ra6 1-0

[Event "TCh-FRA Top 16 GpA 2025"]
[Site "Belfort FRA"]
[Date "2025.05.26"]
[Round "5.2"]
[White "Navara, D."]
[Black "Chigaev, M."]
[Result "1-0"]
[WhiteElo "2657"]
[BlackElo "2635"]
[PlyCount "43"]
[EventDate "2025.05.22"]
[EventType "team"]
[WhiteTeam "Mulhouse Philidor"]
[BlackTeam "Metz Fischer"]

1. d4 d5 2. c4 e6 3. Nc3 Be7 4. cxd5 exd5 5. Bf4 c6 6. e3 Bf5 7. Nge2 Nd7 8. h4 Ngf6 9. Ng3 Be6 10. Bd3 O-O 11. Nf5 Bxf5 12. Bxf5 Re8 13. h5 Nf8 $146 ({RR} 13... Bb4 14. Qb3 Bxc3+ 15. Qxc3 Ne4 16. Qb4 Nb6 17. a4 a5 18. Qb3 Ra6 19. f3 Ng3 20. Bxg3 Qg5 21. Bxh7+ Kxh7 22. Kf2 Qf5 23. Bf4 Nd7 24. g4 Rb6 25. Qc3 Qe6 26. b3 Rb4 27. Rae1 Kh8 28. g5 {Vetoshko,V (2513)-Valiyev,S (2260) Petrovac MNE 2024 1-0 (37)}) ({RR} 13... Nb6 14. g4 Nc4 15. g5 Bd6 16. Qf3 Bxf4 17. Qxf4 Nd6 18. O-O-O Nxf5 19. Qxf5 Nxh5 20. Qh3 g6 21. Ne2 Qc8 22. Qh2 c5 23. dxc5 Qxc5+ 24. Kb1 Rac8 25. Ng3 Qc2+ 26. Ka1 Re6 27. Nxh5 gxh5 28. a3 {Nie,X (2371)-Huang,R (2500) Zhejiang CHN 2026 ½-½ (83)}) 14. Qc2 Ne6 15. Be5 Nf8 16. O-O-O Bd6 17. f4 Bb4 18. g4 Qa5 19. h6 g6 20. Bxf6 Rxe3 21. Bd3 Ne6 22. Qf2 1-0

[Event "Titled Tue 24th Jun Early"]
[Site "chess.com INT"]
[Date "2025.06.24"]
[Round "9"]
[White "Maghsoodloo, Parham"]
[Black "Ter Sahakyan, S."]
[Result "1-0"]
[WhiteElo "2691"]
[BlackElo "2611"]
[PlyCount "77"]
[EventDate "2025.06.24"]

1. d4 d5 2. c4 e6 3. Nc3 dxc4 4. Nf3 a6 5. a4 Nc6 6. e4 Na5 7. Bg5 ({RR} 7. Be2 Nf6 8. O-O Bb4 9. Na2 Be7 10. e5 Nd5 11. Be3 O-O 12. Nd2 b5 13. Nc3 Nxe3 14. fxe3 c5 15. Nf3 Nb3 16. Rb1 cxd4 17. exd4 Qb6 18. Kh1 b4 19. Na2 Qc7 20. Qc2 Na5 21. Qd2 Rb8 {Angulo Diaz,D (1558)-Ramirez Maillo,J (1909) Las Palmas ESP 2026 0-1 (49)}) 7... Be7 8. h4 $146 ({RR} 8. Bxe7 Qxe7 9. Ne5 Nf6 10. Nxc4 Nxc4 11. Bxc4 Qb4 12. Qb3 Qxb3 {½-½ (12) James,D (2238)-Duncan,C (2310) Birmingham 2001}) 8... Nf6 9. Qc2 Bd7 10. Rd1 h6 11. Bxf6 Bxf6 12. e5 Be7 13. d5 Qc8 14. Nd4 Rb8 15. Be2 b5 16. axb5 axb5 17. Bg4 O-O 18. dxe6 fxe6 19. Qg6 Rb6 20. O-O Qe8 21. h5 Bc5 22. Nf3 Nb3 23. Ne4 Qxg6 24. hxg6 Be8 25. Bh5 Be7 26. Rfe1 Bc6 27. Ng3 Bd5 28. Bg4 Bb4 29. Re3 Bc5 30. Re2 Rf4 31. Bh3 Nd4 32. Nxd4 Rxd4 33. Rde1 Be7 34. Ne4 Ra6 35. Nc3 Bb4 36. Nxb5 Bxe1 37. Nxd4 Ra1 38. Kh2 Kf8 39. Bxe6 1-0

[Event "15th Nat Games Ind Prelim"]
[Site "Huairou District CHN"]
[Date "2025.06.12"]
[Round "4.11"]
[White "Yu Yangyi"]
[Black "Wang Hao"]
[Result "1/2-1/2"]
[WhiteElo "2714"]
[BlackElo "2701"]
[PlyCount "53"]
[EventDate "2025.06.11"]
[WhiteTeam "Beijing"]
[BlackTeam "Heilongjiang Province"]

1. d4 d5 2. c4 e6 3. Nc3 h6 4. Nf3 Nf6 5. a3 a6 6. cxd5 exd5 7. Bf4 Bd6 8. Be5 ({RR} 8. Bxd6 Qxd6 9. e3 Bf5 10. Qb3 Ra7 11. Be2 Nbd7 12. Qb4 Qxb4 13. axb4 Ra8 14. Nd2 O-O 15. f3 Rfe8 16. Kf2 c6 17. Nb3 Rab8 18. Nc5 Nb6 19. g4 Bg6 20. h4 h5 21. g5 Nh7 22. e4 dxe4 {Moussard,J (2592)-Achour,M (2129) Djerba TUN 2026 1-0 (47)}) 8... c6 9. e3 O-O $146 ({RR} 9... Qe7 10. Bxd6 Qxd6 11. Qb3 Nbd7 12. Be2 O-O 13. O-O Re8 14. Rac1 g6 15. Rfe1 Kg7 16. Bd3 c5 17. dxc5 Nxc5 18. Qc2 Nce4 19. h3 Ng5 20. Be2 Bf5 21. Qd2 Rad8 22. Red1 Nge4 23. Nxe4 Nxe4 24. Qd4+ {Harsha,B (2565)-Risteski,E (2375) McAllen, TX USA 2024 1-0 (70)}) ({RR} 9... Qe7 10. Bxd6 Qxd6 11. Qb3 Nbd7 12. Be2 O-O 13. O-O Re8 14. Rac1 g6 15. Rfe1 Kg7 16. Bd3 c5 17. dxc5 Nxc5 18. Qc2 Nce4 19. h3 Ng5 20. Be2 Bf5 21. Qd2 Rad8 22. Red1 Nge4 23. Nxe4 Nxe4 24. Qd4+ {Harsha,B (2565)-Risteski,E (2375) McAllen, TX USA 2024 1-0 (70)}) 10. Bd3 Bxe5 11. Nxe5 Nbd7 12. Nf3 Ne8 13. O-O Nd6 14. Qc2 Re8 15. Rae1 Qf6 16. e4 dxe4 17. Nxe4 Nxe4 18. Bxe4 Rd8 19. d5 cxd5 20. Bxd5 Nf8 21. Rd1 Bf5 22. Qb3 Rab8 23. Rfe1 Be6 24. Ne5 Bxd5 25. Rxd5 Rxd5 26. Qxd5 Rd8 27. Qf3 1/2-1/2

[Event "Titled Tue 24th Jun Late"]
[Site "chess.com INT"]
[Date "2025.06.24"]
[Round "11"]
[White "Naroditsky, D."]
[Black "Svane, R."]
[Result "1-0"]
[WhiteElo "2619"]
[BlackElo "2626"]
[PlyCount "57"]
[EventDate "2025.06.24"]

1. c4 e6 2. Nc3 d5 3. d4 a6 4. e4 dxe4 5. Nxe4 Bb4+ 6. Nc3 Nf6 7. Nf3 O-O 8. Bd3 b6 9. a3 Bxc3+ 10. bxc3 Bb7 11. O-O Nbd7 12. Bg5 c5 13. Re1 Qc7 14. Ne5 cxd4 $146 ({RR} 14... Nxe5 15. dxe5 Qc6 16. f3 Nd7 17. Qc2 h6 18. Bh4 Qc7 19. f4 b5 20. Re3 f5 21. exf6 Nxf6 22. Rxe6 Qxf4 23. Bg3 Qg4 24. Re7 Bc6 25. Bf5 Qg5 26. Re5 {1-0 (26) Gormally,D (2443)-Praczukowski,S (2134) Roquetas de Mar ESP 2025}) 15. cxd4 Nxe5 16. Rxe5 Rfd8 17. Bxf6 gxf6 18. Qg4+ Kf8 19. Rh5 f5 20. Qg5 Rxd4 21. Rxh7 Qe5 22. Bf1 Rg4 23. Qh6+ Ke7 24. Rd1 Rag8 25. g3 Qe4 26. f3 Qxf3 27. Rxf7+ Kxf7 28. Rd7+ Ke8 29. Qxe6+ 1-0

[Event "Chess.com Classic Play-In"]
[Site "chess.com INT"]
[Date "2025.05.19"]
[Round "6"]
[White "Sarana, A."]
[Black "Artemiev, V."]
[Result "0-1"]
[WhiteElo "2686"]
[BlackElo "2679"]
[PlyCount "72"]
[EventDate "2025.05.19"]

1. d4 d5 2. c4 e6 3. Nc3 h6 4. Nf3 Nf6 5. Bf4 Bd6 6. Bxd6 Qxd6 7. e3 b6 8. Rc1 O-O 9. cxd5 Nxd5 10. Nxd5 exd5 ({RR} 10... Qxd5 11. a3 Qd6 12. Qc2 c6 13. Qe4 Qd5 14. Bd3 Qxe4 15. Bxe4 Bb7 16. Ne5 f6 17. Ng6 Rd8 18. Nf4 Rd6 19. O-O Nd7 20. Rc3 Rd8 21. Rfc1 e5 22. dxe5 Nxe5 23. h3 Rd1+ 24. Kh2 Rxc1 25. Rxc1 {Ding,L (2791)-Carlsen,M (2862) chess24.com INT 2020 ½-½ (49)}) 11. Qc2 c6 12. Bd3 Na6 $146 ({RR} 12... Bb7 13. O-O Nd7 14. Bf5 Rfe8 15. b4 Nf8 16. Ne5 g6 17. Bh3 Qxb4 18. Nxc6 Qd6 19. Ne5 Re7 20. f4 Rae8 21. Rf3 Ba6 22. Qd1 Bc4 23. Rg3 b5 24. Qh5 Qa3 25. Re1 Qc3 26. Qd1 Bxa2 27. f5 {Bluebaum,M (2694)-Erdogmus,Y (2713) Biel SUI 2026 ½-½ (40)}) ({RR} 12... Be6 13. O-O Rc8 14. Ne5 c5 15. f4 f6 16. Bh7+ Kh8 17. f5 fxe5 18. fxe6 Nc6 19. dxc5 bxc5 20. Bf5 Ne7 21. Bg4 c4 22. Rf7 Rf8 23. Rcf1 Rxf7 24. exf7 Rf8 25. b3 cxb3 26. Qxb3 g6 27. Qb7 {Bryakin,M (2434)-Stankovic,M (2440) Pozarevac SRB 2025 ½-½ (39)}) 13. Qxc6 Qxc6 14. Rxc6 Nb4 15. Rc3 Nxa2 16. Rc7 Be6 17. Kd2 Rfc8 18. Rxc8+ Rxc8 19. Ne5 Nb4 20. Bb1 a5 21. Nd3 Nxd3 22. Bxd3 Kf8 23. b4 Ra8 24. bxa5 bxa5 25. Rb1 Ke7 26. Rb7+ Kd6 27. Bb5 a4 28. Kc2 Rc8+ 29. Kd2 a3 30. Ra7 Rb8 31. Ra6+ Ke7 32. Ra7+ Kf6 33. Bd3 Rb2+ 34. Kc3 Rxf2 35. g3 Rxh2 36. Rxa3 Rh3 0-1

[Event "Titled Tue 24th Jun Late"]
[Site "chess.com INT"]
[Date "2025.06.24"]
[Round "7"]
[White "Bluebaum, M."]
[Black "Naroditsky, D."]
[Result "1-0"]
[WhiteElo "2663"]
[BlackElo "2619"]
[PlyCount "75"]
[EventDate "2025.06.24"]

1. d4 d5 2. c4 e6 3. Nc3 a6 4. e4 dxe4 5. Nxe4 Bb4+ 6. Nc3 c5 7. a3 Ba5 8. Nf3 Nf6 9. Be3 Nc6 ({RR} 9... O-O 10. Rc1 Ne4 11. d5 exd5 12. cxd5 b5 13. Bd3 Nxc3 14. bxc3 Nd7 15. O-O c4 16. Bb1 Bb7 17. Qc2 g6 18. Rfd1 Re8 19. Qd2 Bb6 20. Bxb6 Nxb6 21. Qh6 Qf6 22. Rd4 Bxd5 23. Ng5 Qg7 24. Qh4 {Bluebaum,M (2695)-Oro,F (2528) chess.com INT 2026 0-1 (38)}) 10. Rc1 cxd4 11. Nxd4 Bd7 $146 ({RR} 11... O-O 12. b4 Nxd4 13. Qxd4 Bc7 14. Be2 Qxd4 15. Bxd4 Rd8 16. Be3 Bd7 17. Bf3 Bc6 18. Bxc6 bxc6 19. Ke2 Ng4 20. Ne4 Ne5 21. h3 Nd3 22. Rc3 Ne5 23. f4 Ng6 24. g3 f5 25. Nc5 e5 26. Ne6 {Bluebaum,M (2655)-Samunenkov,I (2533) chess.com INT 2024 1-0 (57)}) ({RR} 11... O-O 12. b4 Nxd4 13. Qxd4 Bc7 14. Be2 Qxd4 15. Bxd4 Rd8 16. Be3 Bd7 17. Bf3 Bc6 18. Bxc6 bxc6 19. Ke2 Ng4 20. Ne4 Ne5 21. h3 Nd3 22. Rc3 Ne5 23. f4 Ng6 24. g3 f5 25. Nc5 e5 26. Ne6 {Bluebaum,M (2655)-Samunenkov,I (2533) chess.com INT 2024 1-0 (57)}) 12. b4 Bc7 13. Be2 O-O 14. O-O Rc8 15. h3 Qe7 16. Nxc6 Bxc6 17. Bc5 Qe8 18. Bxf8 Qxf8 19. Bf3 Rd8 20. Qe2 Rd4 21. Rfd1 Qd6 22. g3 h5 23. c5 Qd7 24. Bxc6 bxc6 25. Rxd4 Qxd4 26. Qe3 Qc4 27. h4 Ng4 28. Qe4 Qb3 29. Qxc6 Qxa3 30. Rc2 Be5 31. Qa8+ Kh7 32. Qe4+ f5 33. Qc4 Qa1+ 34. Kg2 Qe1 35. Qe2 Qa1 36. c6 Qa3 37. Qc4 Bc7 38. Qxe6 1-0